El llamado del mundo
Saved in:
| Main Author: | |
|---|---|
| Format: | Book |
| Language: | Spanish |
| Published: |
Santiago
Imprenta Universitaria
1913
|
| Edition: | 1a. ed |
| Subjects: | |
| Tags: |
Add Tag
No Tags, Be the first to tag this record!
|
MARC
| LEADER | 00000nam a2200000 a 4500 | ||
|---|---|---|---|
| 001 | UCJ3299 | ||
| 003 | CL-VaPUC | ||
| 008 | 070124e19130000CL |||||||||||||||||spa|d | ||
| 082 | 0 | 4 | |a Ch861 |b PRA |2 21 |
| 100 | 0 | |a Prado, Pedro |e author |9 315575 | |
| 245 | 1 | 3 | |a El llamado del mundo |
| 250 | |a 1a. ed | ||
| 300 | |a 126 p | ||
| 942 | |c BK | ||
| 945 | |d 20070124 00:00:00 |a rinostro | ||
| 260 | |a Santiago |b Imprenta Universitaria |c 1913 | ||
| 650 | 0 | |a Poesía chilena |9 268403 | |
| 650 | 7 | |a PREMIO NACIONAL DE LITERATURA 1949 |2 CL-VaPUC |9 504865 | |
| 583 | |a last modification |c 20070124 00:00:00 |k Rodrigo Vera | ||
| 999 | |c 319421 |d 319419 | ||
| 952 | |0 0 |1 0 |4 0 |6 CH_861_000000000000000_PRA_1913 |7 0 |8 X |9 397740 |a FDOBUD |b FDOBUD |d 2019-11-22 |i 1002007 |o Ch861 PRA 1913 |p 1002007 |r 2019-11-22 |w 2019-11-22 |y BK_X |k BUD | ||